الفلاحون / Al-fallāḥūn
محفوظ في:
المؤلف الرئيسي:
مؤلفون آخرون:
التنسيق: كتاب
اللغة: Undetermined
منشور في:
Al-Qāhirah :
Maṭbaʻat sharikat alaeilanat alsharqia,
[19--].
الوسوم: إضافة وسم
لا توجد وسوم, كن أول من يضع وسما على هذه التسجيلة!
رقم الطلب: HD1538 .E3 A9512
| LEADER | 00469nam a2200133Ia 4500 | ||
|---|---|---|---|
| 008 | 240329s9999||||xx |||||||||||||| ||und|| | ||
| 050 | 4 | |a HD1538 .E3 A9512 | |
| 100 | 1 | |a al-Ab ʻAyrūṭ al-Yasūʻī. | |
| 245 | 1 | 0 | |a الفلاحون / Al-fallāḥūn |c al-Ab ʻAyrūṭ al-Yasūʻī |
| 264 | 1 | |a Al-Qāhirah : |b Maṭbaʻat sharikat alaeilanat alsharqia, |c [19--]. | |
| 300 | |a 144 |c 24 | ||
| 700 | 1 | |a (Naqala ilá al-ʻArabīyah): Muḥammad Ghallāb.. | |
| 942 | |2 lcc |c BK | ||
| 999 | |c 57825 |d 57825 | ||
